00836nam a2200241 450000500170000000800410001702000480005804000250010608200220013110000480015324500620020125000260026326400530028926400110034230000320035333600210038533700250040633800230043150000200045450400340047465000410050865000450054920240326143802.0240325t20231991my g 000 0 may d a9789836207661cRM10.00 (Hadiah)qpaperback  aPPAKbengcPPAKerda04223a305.5520917241 aAlatas, Syed Hussein, d1928-2007eauthor. 10aINTELEKTUAL MASYARAKAT MEMBANGUN / cSYED HUSSEIN ALATAS  aEdisi bahasa Malaysia 1aKuala Lumpur : bDewan Bahasa dan Pustaka,c2023 4c©1991 axxiii, 159 pages ; c23 cm  atext2rdacontent aunmediated2rdamedia avolume2rdacarrier aIncludes index. aBibliography : pages 145-154.10aIntellectuals zDeveloping countries20aDeveloping countries xIntellectual life